[Dopady normotvorby Európskej únie na normotvorbu členského štátu Európskej únie z hľadiska legislatívnej techniky a normotvorných procesov]

Recenzia na dielo ktoré je zamerané na špecifickú oblasť ústavného práva a štátovedy – normotvorbu.

Uložené v:
Podrobná bibliografia
Hlavný autor: Slezáková, Andrea, 1980-
Médium: Kapitola
Jazyk:Slovak
Predmet:
Tagy: Pridať tag
Žiadne tagy, Buďte prvý, kto otaguje tento záznam!

MARC

LEADER 00000naa a2200000 4500
001 0252075
005 20240502074037.1
041 0 |a slo 
044 |a SK 
245 1 0 |a [Dopady normotvorby Európskej únie na normotvorbu členského štátu Európskej únie z hľadiska legislatívnej techniky a normotvorných procesov]  |c Andrea Slezáková 
520 |a Recenzia na dielo ktoré je zamerané na špecifickú oblasť ústavného práva a štátovedy – normotvorbu. 
610 2 0 |a recenzie 
610 2 0 |a právo ústavné 
610 2 0 |a tvorba noriem 
100 1 |a Slezáková, Andrea, 1980-